| 000 | 01859nam a2200457Ii 4500 | ||
|---|---|---|---|
| 001 | DIGNOBUK408 | ||
| 003 | NyNyDIG | ||
| 008 | 220805s2011 ag o 001 0 spa d | ||
| 006 | m o d | ||
| 007 | cr ||||||||||| | ||
| 035 | _a(OCoLC)1350508831 | ||
| 040 |
_aDGITA _beng _erda _epn _cDGITA |
||
| 020 | _z9789871716432 | ||
| 041 | 1 |
_aspa _heng |
|
| 050 | 1 | 4 | _aHD31 ebook |
| 100 | 1 |
_aVogel, Harold L., _d1946- _eauthor. |
|
| 240 | 1 | 0 |
_aEntertainment Industry Economics. _lEnglish _s(Wachte) |
| 245 | 1 | 0 |
_aEconomía de la industria del entretenimiento : _buna guía para el análisis financiero. _nTomo 1 / _cHarold L. Vogel. |
| 264 | 1 |
_a[Argentina] : _bUniversidad de Palermo, _c[2011] |
|
| 300 | _a1 online resource. | ||
| 336 |
_atext _btxt _2rdacontent |
||
| 337 |
_acomputer _bc _2rdamedia |
||
| 338 |
_aonline resource _bcr _2rdacarrier |
||
| 347 |
_atext file _2rdaft |
||
| 347 | _bPDF | ||
| 490 | 1 | _aColección Management y Marketing | |
| 500 | _aIncludes index. | ||
| 588 | 0 | _aOnline resource; title from PDF title page (Digitalia, viewed August 05, 2022) | |
| 650 | 0 | _aIndustrial management. | |
| 650 | 0 | _aInternet entertainment industry. | |
| 655 | 0 | _aElectronic books. | |
| 700 | 1 |
_aWachte, Miriam, _etranslator. |
|
| 700 | 1 |
_iTranslation of: _aVogel, Harold L., _d1946- _tEntertainment Industry Economics. |
|
| 791 | 2 |
_aDigitalia (Firm), _edistributor. |
|
| 793 | 0 |
_gDigitalia eBook Collection: _aEditorial Nobuko. |
|
| 776 | 0 | 8 |
_iPrint version: _aVogel, Harold L., 1946- _sEntertainment Industry Economics. English (Wachte). _tEconomía de la industria del entretenimiento. _d[Argentina] : Universidad de Palermo, [2011] _z9789871716449 |
| 830 | 0 | _aColección Management y Marketing. | |
| 856 | 4 | 0 |
_3Digitalia Hispánica _uhttps://www.digitaliapublishing.com/a/47691/ |
| 910 | _aPremium collection: 2022 | ||
| 942 | _cRAA | ||
| 999 |
_c250449 _d250449 |
||